ბათუმის შოთა რუსთაველის სახელმწიფო უნივერსიტეტის ბიბლიოთეკა

საზოგადოებრივი ჯანმრთელობის დაცვა და მენეჯმენტი (ბიბ.ჩანაწერი № 49303)

000 -LEADER
fixed length control field 01096nam a2200265Ia 4500
001 - CONTROL NUMBER
control field 16219
003 - CONTROL NUMBER IDENTIFIER
control field GE_BSU
008 - FIXED-LENGTH DATA ELEMENTS--GENERAL INFORMATION
fixed length control field 181216s||||||||xx |||||||||||||| ||und||
020 ## - INTERNATIONAL STANDARD BOOK NUMBER
International Standard Book Number 9789941044366
040 ## - CATALOGING SOURCE
Transcribing agency GE_BSU
080 ## - UNIVERSAL DECIMAL CLASSIFICATION NUMBER
Universal Decimal Classification number 614.2
100 ## - MAIN ENTRY--PERSONAL NAME
Personal name გერზმავა, ოთარ
245 ## - TITLE STATEMENT
Title საზოგადოებრივი ჯანმრთელობის დაცვა და მენეჯმენტი
245 ## - TITLE STATEMENT
Remainder of title სახელმძღვ. სტუდ. და ექიმებისათვის
245 ## - TITLE STATEMENT
Statement of responsibility, etc. რედ.: ავ. ჯორბენაძე, ჯ. მამალაძე
260 ## - PUBLICATION, DISTRIBUTION, ETC.
Place of publication, distribution, etc. თბილისი
260 ## - PUBLICATION, DISTRIBUTION, ETC.
Name of publisher, distributor, etc. გ.გ
260 ## - PUBLICATION, DISTRIBUTION, ETC.
Date of publication, distribution, etc. 2013
300 ## - PHYSICAL DESCRIPTION
Extent 576გვ;ილ,ნახაზ.29სმ.
300 ## - PHYSICAL DESCRIPTION
Other physical details ბიბლიოგრაფ.თავების ბოლოს
653 ## - INDEX TERM--UNCONTROLLED
Uncontrolled term - ჯანმრთელობის დაცვა; ჯანმრთელობის დაცვის მენეჯმენტი;
653 ## - INDEX TERM--UNCONTROLLED
Uncontrolled term მედიცინა
942 ## - ADDED ENTRY ELEMENTS (KOHA)
Koha item type წიგნი
ეგზემპლარები
Withdrawn status Lost status Damaged status Not for loan Date acquired Barcode Date last seen Price effective from Koha item type
        2018-12-17 39916 2018-12-17 2018-12-17 წიგნი
        2018-12-17 39917 2018-12-17 2018-12-17 წიგნი
        2018-12-17 39918 2018-12-17 2018-12-17 წიგნი
        2018-12-17 39919 2018-12-17 2018-12-17 წიგნი
        2018-12-17 39920 2018-12-17 2018-12-17 წიგნი